Distributed Applications and Interoperable Systems : 14th IFIP WG 6.1 International Conference, DAIS 2014, Held as Part of the 9th International Federated Conference on Distributed Computing Techniques, DisCoTec 2014 Berlin, Germany, June 3-5, 2014 : Proceedings /
Selección de ponencias presentadas en la décima cuarta Conferencia Internacional sobre Aplicaciones Distribuidas y Sistemas Interoperables, celebrada en Berlín, Alemania, en junio de 2014. Los artículos se enfocan principalmente en la computación en la nube, el almacenamiento replicado y los sistema...
Zapisane w:
| Korporacja: | |
|---|---|
| Kolejni autorzy: | , |
| Format: | Materiały konferencyjne Książka |
| Język: | angielski |
| Wydane: |
Heidelberg, Alemania :
Springer,
2014, c2014
|
| Seria: | (Lecture Notes in Computer Science ;
8460) |
| Hasła przedmiotowe: | |
| Dostęp online: | Ver documento en línea |
| Etykiety: |
Nie ma etykietki, Dołącz pierwszą etykiete!
|
MARC
| LEADER | 00000nam^a2200000^a^4500 | ||
|---|---|---|---|
| 001 | 000554922 | ||
| 005 | 20251023000000.0 | ||
| 009 | 20260310131707.207 | ||
| 020 | |a 978-3-662-43352-2 | ||
| 037 | |a Acervo ITESO - Biblioteca | ||
| 041 | |a ING | ||
| 082 | |a Libro en línea | ||
| 111 | |a International Conference on Distributed Applications and Interoperable Systems ( |n 14a : |d 2014 : |c Berlín, Alemania) | ||
| 245 | 1 | 0 | |a Distributed Applications and Interoperable Systems : |b 14th IFIP WG 6.1 International Conference, DAIS 2014, Held as Part of the 9th International Federated Conference on Distributed Computing Techniques, DisCoTec 2014 Berlin, Germany, June 3-5, 2014 : Proceedings / |c Ed. de K. Magoutis, P. Pietzuch. |
| 264 | 4 | |a Heidelberg, Alemania : |b Springer, |c 2014, c2014 | |
| 264 | 2 | |a Cham, Suiza : |b Springer Link [distribución], |c 2014, c2014 | |
| 300 | |a 1 libro electrónico en línea (XIV, 209 p.) | ||
| 300 | |a 1 recurso en línea | ||
| 336 | |a datos para computadora |b cod |2 rdacontenido | ||
| 337 | |a computadora |b c |2 rdamedio | ||
| 338 | |a recurso en línea |b cr |2 rdasoporte | ||
| 440 | 1 | |a (Lecture Notes in Computer Science ; |v 8460) | |
| 506 | 0 | |a Licencias ilimitadas | |
| 520 | |a Selección de ponencias presentadas en la décima cuarta Conferencia Internacional sobre Aplicaciones Distribuidas y Sistemas Interoperables, celebrada en Berlín, Alemania, en junio de 2014. Los artículos se enfocan principalmente en la computación en la nube, el almacenamiento replicado y los sistemas a gran escala. | ||
| 649 | |a XX | ||
| 650 | |a Proceso Analítico en Línea | ||
| 650 | |a Bases de Datos Multidimensionales | ||
| 650 | |a Bases de Datos Relacionales | ||
| 650 | |a Bases de Datos Distribuidas | ||
| 650 | |a Bases de Datos | ||
| 650 | |a Minería de Datos | ||
| 650 | |a Big Data | ||
| 650 | |a Computación en la Nube - |x Tema Principal | ||
| 650 | |a Computación Grid | ||
| 650 | |a Cómputo Distribuido - |x Congresos - |x Tema Principal | ||
| 650 | |a Cómputo Distribuido - |x Tema Principal | ||
| 650 | |a Proceso de Datos | ||
| 650 | |a Ingeniería Computacional | ||
| 700 | |a Magoutis, Kostas |e (edición) | ||
| 700 | |a Pietzuch, Peter |e (edición) | ||
| 856 | 4 | 0 | |u https://link-springer-com.ezproxy.iteso.mx/10.1007/978-3-662-43352-2 |y Ver documento en línea |
| 910 | |a Fondo General | ||
| 920 | |a Electrónicos - Libros en Línea | ||
| 930 | |a Plataforma Digital | ||
| 905 | |a 205 | ||
| 901 | |a 554922-1 |b IT2 |c EBO |i C |u 20250521 | ||
| 902 | |a https://opac.biblio.iteso.mx/vufind/Record/000554922 | ||